000 00447nam a22001817a 4500
999 _c11299
_d11299
003 OSt
008 220610b ||||| |||| 00| 0 eng d
020 _a9789389211634
100 _aSUBRAMANIAN, Chandramouli
245 _aBlockchain Technology
260 _aTelangana
_bUniversities Press
_c2021
300 _a672
650 _aCSE
700 _aGEORGE, Asha A
700 _aK A, Abhilash
700 _aKARTHIKEYAN, Meena
942 _2ddc
_cBK